What is the case for paid maternity leave? (Registro nro. 48738)
[ vista simple ]
| 000 -CABECERA | |
|---|---|
| Longitud fija campo de control | 01343naa a2200361 c 4500 |
| 001 - NÚMERO DE CONTROL | |
| Número de control | 48738 |
| 003 - IDENTIFICADOR DE NÚMERO DE CONTROL | |
| Identificador del número de control | ES-MaCES |
| 005 - FECHA Y HORA DE LA ÚLTIMA TRANSACCIÓN | |
| Fecha y hora de la última transacción | 20161229122502.0 |
| 008 - CAMPO FIJO DE DESCRIPCIÓN FIJA--INFORMACIÓN GENERAL | |
| Códigos de información de longitud fija | 161229s2016 us ||||| t||||||| ||eng d |
| 040 ## - FUENTE DE CATALOGACIÓN | |
| Centro catalogador de origen | ES-MaCES |
| Lengua de catalogación | spa |
| Centro transcriptor | ES-MaCES |
| Centro modificado | ES-MaCES |
| 245 00 - MENCIÓN DE TÍTULO | |
| Título | What is the case for paid maternity leave? |
| Mención de responsabilidad, etc. | Gordon B. Dahl, Katrine V. Løken, Magne Mogstad, Kari Vea Salvanes |
| 500 ## - NOTA GENERAL | |
| Nota general | Resumen |
| 504 ## - NOTA DE BIBLIOGRAFÍA, ETC. | |
| Nota de bibliografía, etc. | Bibliografía: p. 669-670 |
| 650 #4 - ASIENTO SECUNDARIO DE MATERIA--TÉRMINO DE MATERIA | |
| 9 (RLIN) | 27816 |
| Término de materia o nombre geográfico como elemento inicial | licencia de maternidad |
| 650 #4 - ASIENTO SECUNDARIO DE MATERIA--TÉRMINO DE MATERIA | |
| 9 (RLIN) | 27040 |
| Término de materia o nombre geográfico como elemento inicial | prestaciones de maternidad |
| 650 #4 - ASIENTO SECUNDARIO DE MATERIA--TÉRMINO DE MATERIA | |
| 9 (RLIN) | 27318 |
| Término de materia o nombre geográfico como elemento inicial | familia |
| 650 #4 - ASIENTO SECUNDARIO DE MATERIA--TÉRMINO DE MATERIA | |
| 9 (RLIN) | 30598 |
| Término de materia o nombre geográfico como elemento inicial | responsabilidades familiares |
| 650 #4 - ASIENTO SECUNDARIO DE MATERIA--TÉRMINO DE MATERIA | |
| 9 (RLIN) | 28657 |
| Término de materia o nombre geográfico como elemento inicial | mujeres |
| 650 #4 - ASIENTO SECUNDARIO DE MATERIA--TÉRMINO DE MATERIA | |
| 9 (RLIN) | 29565 |
| Término de materia o nombre geográfico como elemento inicial | trabajadora madre de familia |
| 650 #4 - ASIENTO SECUNDARIO DE MATERIA--TÉRMINO DE MATERIA | |
| 9 (RLIN) | 27062 |
| Término de materia o nombre geográfico como elemento inicial | cuidado infantil |
| 650 #4 - ASIENTO SECUNDARIO DE MATERIA--TÉRMINO DE MATERIA | |
| 9 (RLIN) | 27303 |
| Término de materia o nombre geográfico como elemento inicial | conciliación |
| 650 #4 - ASIENTO SECUNDARIO DE MATERIA--TÉRMINO DE MATERIA | |
| 9 (RLIN) | 27029 |
| Término de materia o nombre geográfico como elemento inicial | política social |
| 650 #4 - ASIENTO SECUNDARIO DE MATERIA--TÉRMINO DE MATERIA | |
| 9 (RLIN) | 29892 |
| Término de materia o nombre geográfico como elemento inicial | reforma legislativa |
| 650 #4 - ASIENTO SECUNDARIO DE MATERIA--TÉRMINO DE MATERIA | |
| 9 (RLIN) | 26958 |
| Término de materia o nombre geográfico como elemento inicial | Noruega |
| 653 10 - TÉRMINO DE INDEXACIÓN--NO CONTROLADO | |
| Término no controlado | Mujer |
| 700 1# - ENCABEZAMIENTO SECUNDARIO--NOMBRE PERSONAL | |
| 9 (RLIN) | 37659 |
| Nombre de persona | Dahl, Gordon B. |
| 700 1# - ENCABEZAMIENTO SECUNDARIO--NOMBRE PERSONAL | |
| 9 (RLIN) | 37660 |
| Nombre de persona | Løken, Katrine V. |
| 700 1# - ENCABEZAMIENTO SECUNDARIO--NOMBRE PERSONAL | |
| 9 (RLIN) | 37661 |
| Nombre de persona | Mogstad, Magne |
| 700 1# - ENCABEZAMIENTO SECUNDARIO--NOMBRE PERSONAL | |
| 9 (RLIN) | 37662 |
| Nombre de persona | Salvanes, Kari Vea |
| 773 0# - ENTRADA DE DOCUMENTO FUENTE | |
| Itemnumber del ítem fuente | 85452 |
| Lugar, editor y fecha de publicación | Amsterdam (P.O. Box 1991, 1000 BZ) Elsevier Science |
| Otro identificador del documento | 088350 |
| Título | The review of Economics and Statistics |
| Número de control del registro relacionado | (ES-MaCES)25211 |
| Parte(s) relacionada(s) | vol. 98, no. 4 (Oct. 2016) {10195 R. 088350} ;p. 655-670 |
| 902 ## - CES. TIPO DE DOCUMENTO | |
| Tipodoc (006$c Sirtex) | ART Artículo de revista |
| 942 ## - ELEMENTOS KOHA | |
| Fuente de clasificaión o esquema | Clasificación propia del CES |
| Koha [por defecto] tipo de item | Artículos (1982-2017) |
| Parte de clasificación | Asuntos Sociales |
No hay ítems disponibles.
